Legal Liability for Online Intermediaries (Record no. 1715299)

MARC details
000 -LEADER
fixed length control field 00376nam a22001337a 4500
005 - DATE AND TIME OF LATEST TRANSACTION
control field 20260313120359.0
008 - FIXED-LENGTH DATA ELEMENTS--GENERAL INFORMATION
fixed length control field 260313b |||||||| |||| 00| 0 eng d
040 ## - CATALOGING SOURCE
Transcribing agency FLL
041 ## - LANGUAGE CODE
Source of code eng
Language code of text/sound track or separate title eng
100 ## - MAIN ENTRY--PERSONAL NAME
Personal name Sakshi
245 ## - TITLE STATEMENT
Title Legal Liability for Online Intermediaries
Remainder of title Understanding India's Regulatory Framework
260 ## - PUBLICATION, DISTRIBUTION, ETC.
Place of publication, distribution, etc. DU
Date of publication, distribution, etc. 2024
Name of publisher, distributor, etc. Faculty of Law
942 ## - ADDED ENTRY ELEMENTS (KOHA)
Source of classification or shelving scheme Colon Classification (CC)
Koha item type Dissertations
999 ## -
-- 1715299
-- 1715299
Holdings
Withdrawn status Lost status Source of classification or shelving scheme Damaged status Not for loan Home library Current library Date acquired Source of acquisition Total checkouts Barcode Date last seen Copy number Price effective from Koha item type
    Colon Classification (CC)     Faculty of Law Library Faculty of Law Library 2026-03-13 Faculty of Law   LLD015261 2026-03-13 1 2026-03-13 Dissertations
Copyright @ Delhi University Library System